000 00891cam a2200289Mi 4500
001 90559
005 20230410132921.0
008 971027c19779999sp b 000 0 mul d
020 _a8424935527
041 1 _aspa
_hgrc
050 1 4 _aB 171
_bB582 1977
049 _aGRAL
100 0 _aApiano.
130 1 _aBiblioteca Clásica Gredos.
245 1 0 _aHistoria romana III :
_bGuerras civiles (Libros III-V) /
_cApiano ; introducción, traducción y notas de Antonio Sancho Royo.
260 _aMadrid :
_bGredos,
_c1977
300 _a374 p. ;
_c19 cm.
440 0 _aBiblioteca clásica Gredos ;
_vn.84
505 1 _aGuerras civiles (Libros III-V)
504 _aIncluye referencias bibliográficas e índice.
650 0 _aPhilosophy, Classical.
650 0 _aPhilosophy, Ancient.
700 1 _aSancho Royo, Antonio.
942 _2lcc
_cbk
946 _amjcruz
994 _aC0
_bDRFGD
999 _c90155
_d90155